Дороги юности. [Комсомол в искусстве 1920-1930-х гг.]: альбом

التفاصيل البيبلوغرافية
مؤلفون آخرون: Погодин В. С. Владимир Сергеевич (составитель)
الملخص:К 70-летию Всесоюзного Ленинского Коммунистического Союза Молодежи
Художественный альбом выпущенный комсомольцами издательства "Советский художник" и московской типографии № 5 к 70-летнему юбилею Всесоюзного Ленинского Коммунистического Союза Молодежи. В альбом вошли 140 цветных и тоновых репродукций. Плакатная и агитационная тема в живописи, графике и скульптуре советских художников.
اللغة:الروسية
منشور في: Москва, Советский художник, 1988
الموضوعات:
التنسيق: كتاب
KOHA link:https://koha.lib.tpu.ru/cgi-bin/koha/opac-detail.pl?biblionumber=314507

MARC

LEADER 00000nam0a2200000 4500
001 314507
005 20231102002702.0
010 |a 5269001667 
035 |a (RuTPU)RU\TPU\book\339928 
090 |a 314507 
100 |a 20160216d1988 m y0rusy50 ca 
101 0 |a rus 
102 |a RU 
105 |a a z 001zy 
200 1 |a Дороги юности. [Комсомол в искусстве 1920-1930-х гг.]  |e альбом  |f сост. В. С. Погодин 
210 |a Москва  |c Советский художник  |d 1988 
215 |a [142] с.  |c ил. 
300 |a К 70-летию Всесоюзного Ленинского Коммунистического Союза Молодежи 
320 |a Библиогр. в тексте 
330 |a Художественный альбом выпущенный комсомольцами издательства "Советский художник" и московской типографии № 5 к 70-летнему юбилею Всесоюзного Ленинского Коммунистического Союза Молодежи. В альбом вошли 140 цветных и тоновых репродукций. Плакатная и агитационная тема в живописи, графике и скульптуре советских художников. 
606 1 |a ВЛКСМ  |x История  |2 stltpush  |3 (RuTPU)RU\TPU\subj\2606  |9 31155 
606 1 |a Изобразительное искусство  |2 stltpush  |3 (RuTPU)RU\TPU\subj\12291  |9 39102 
610 1 |a альбомы 
610 1 |a история 
610 1 |a Россия 
610 1 |a СССР 
610 1 |a живопись 
610 1 |a графика 
610 1 |a скульптура 
610 1 |a плакаты 
675 |a 7  |v 4 
686 |a Ф75(2)12  |v LBC/SL-A  |2 rubbk 
702 1 |a Погодин  |b В. С.  |g Владимир Сергеевич  |4 220 
801 1 |a RU  |b 63413507  |c 20160216 
801 2 |a RU  |b 63413507  |c 20171116  |g RCR 
942 |c BK